Los códices medievales de la Catedral de Tortosa (Record no. 30475)

MARC details
000 -LEADER
campo de control de longitud fija 00517nam a2200145 i 4500
001 - NÚMERO DE CONTROL
campo de control 30475
003 - IDENTIFICADOR DE NÚMERO DE CONTROL
campo de control ES-MaACL
007 - CAMPO FIJO DE DESCRIPCIÓN FÍSICA--INFORMACIÓN GENERAL
campo de control de longitud fija t|
008 - DATOS DE LONGITUD FIJA--INFORMACIÓN GENERAL
campo de control de longitud fija 030124s1962 sp ||||1| spa d
100 1# - ENTRADA PRINCIPAL--NOMBRE DE PERSONA
Nombre de persona Bayerri y Bertomeu, Enrique.
9 (RLIN) 26659
245 14 - MENCIÓN DEL TÍTULO
Título Los códices medievales de la Catedral de Tortosa
Resto del título : novísmo inventario descriptivo /
Mención de responsabilidad, etc. Enrique Bayerry y Bertomeu.
260 ## - PUBLICACIÓN, DISTRIBUCIÓN, ETC.
Lugar de publicación, distribución, etc. Barcelona :
Nombre del editor, distribuidor, etc. [s.n.,
Fecha de publicación, distribución, etc. 1962] (
Lugar de fabricación/manufactura Tortosa :
Fabricante Gráf. Algueró y Baiges)
300 ## - DESCRIPCIÓN FÍSICA
Extensión 699 p., lam. ;
Dimensiones 26 cm.
852 ## - LOCALIZACIÓN
Ubicación ES-MaACL
Número de control de estantería G-3880
Sublocalización o colección R.50793
Holdings
Estatus retirado Estado de pérdida Estado de daño No para préstamo Biblioteca de origen Biblioteca actual Ubicación en estantería Fecha de adquisición Fuente de adquisición Total de préstamos Signatura topográfica completa Código de barras Visto por última vez Precio de reemplazo Tipo de ítem Koha
        Biblioteca del Ateneo de Madrid Biblioteca del Ateneo de Madrid Depósito 2 17/01/2008     G-3880 1031470 23/02/2023 23/02/2023 Libro impreso